Âm nhạc Việt Nam từ góc nhìn văn hóa Tập 2

Bewaard in:
Bibliografische gegevens
Hoofdauteur: Dương, Viết Á
Formaat: Boek
Gepubliceerd in: Hà Nội Hà Nội 2005
Onderwerpen:
Tags: Voeg label toe
Geen labels, Wees de eerste die dit record labelt!
Thư viện lưu trữ: Trung tâm Học liệu Lê Vũ Hùng, Trường Đại học Đồng Tháp
LEADER 00971aam a22003618a 4500
001 00036909
005 20171026081023.0
008 170405s2005 ||||||Viesd
041 0 # |a Vie 
082 1 4 |a 780.959 7  |b Â120NH 
100 1 # |a Dương, Viết Á 
245 1 0 |a Âm nhạc Việt Nam từ góc nhìn văn hóa  |c Dương Viết Á  |n Tập 2 
260 # # |a Hà Nội  |b Hà Nội  |c 2005 
300 # # |a 267tr.  |c 27 cm. 
653 # # |a Lịch sử 
653 # # |a Thế kỉ 20 
653 # # |a Việt Nam 
653 # # |a Văn Hóa 
653 # # |a Âm nhạc 
852 # # |b Kho mượn  |j KM.0020755, KM.0020902 
852 # # |b Kho đọc  |j KD.0019771 
852 # # |j KD.0019771  |j KM.0020902  |j KM.0020755 
910 |d 05/04/2017 
980 # # |a Trung tâm Học liệu Lê Vũ Hùng, Trường Đại học Đồng Tháp